New directions for food research.

Základné výsledky produkcie potravín niektorých spoločností na európskom trhu. Konkurencia na trhu potravín. Nové stratégie výroby potravín v orientácii na zahrnutie nových technológií. Nový operačný mechanizmus (plánovanie a kontrola, riadenie pracovných síl vo všeobecnosti) výskumu a vývoja, nové...

ver descrição completa

Na minha lista:
Detalhes bibliográficos
Autor principal: Petroni, G.
Formato: Capítulo de Livro
Idioma:inglês
Assuntos:
Tags: Adicionar Tag
Sem tags, seja o primeiro a adicionar uma tag!

MARC

LEADER 00000naa a2200000 4500
001 r004994
005 20221213085154.1
041 0 |a eng 
044 |a GB 
245 1 0 |a New directions for food research.  |c G. Petroni 
520 |a Základné výsledky produkcie potravín niektorých spoločností na európskom trhu. Konkurencia na trhu potravín. Nové stratégie výroby potravín v orientácii na zahrnutie nových technológií. Nový operačný mechanizmus (plánovanie a kontrola, riadenie pracovných síl vo všeobecnosti) výskumu a vývoja, nové interakcie marketingovej funkcie. 
610 2 0 |a výskum 
610 2 0 |a potraviny 
610 2 0 |a trh medzinárodný 
610 2 0 |a Európa 
610 2 0 |a potravinárstvo 
610 2 0 |a konkurencia 
610 2 0 |a technológie nové 
610 2 0 |a výskum 
610 2 0 |a vývoj 
610 2 0 |a marketing 
610 2 0 |a sily pracovné 
100 1 |a Petroni, G.